000 00351nam a2200133Ia 4500
008 220216s9999 xx 000 0 und d
100 _aKaur Kulwant
245 0 _aNR price bounces: How high can we go ?
260 _bRubber Technology Developments
_c2010
300 _a50-52
650 _aNR price
700 _aJamaluddin Hairul Irwan
942 _cJS
999 _c64167
_d64167